[Event "FRA-chTB U20 1011"]
[Site "France"]
[Date "2010.11.21"]
[Round "3.2"]
[White "Messinger, Karl"]
[Black "Breban, Victor"]
[Result "1-0"]
[WhiteElo "1936"]
[BlackElo "1569"]
[PlyCount "99"]
[EventDate "2010.11.20"]
[EventType "team-tourn"]
[EventRounds "7"]
[EventCountry "FRA"]
[SourceTitle "EXT 2012"]
[Source "ChessBase"]
[SourceDate "2011.11.24"]
[SourceVersion "1"]
[SourceVersionDate "2011.11.24"]
[SourceQuality "1"]
[WhiteTeam "Mulhouse"]
[BlackTeam "Potemkine"]
[WhiteTeamCountry "FRA"]
[BlackTeamCountry "FRA"]

1. e4 c5 2. Nf3 d6 3. Bb5+ Bd7 4. Bxd7+ Nxd7 5. 0-0 g6 6. c3 Bg7 7. d4 Qb6 8. Re1 Rd8 9. Na3 Ngf6 10. Qe2 Nh5 11. Nc4 Qc7 12. e5 dxe5 13. dxe5 0-0 14. g4 b5 15. Na3 Nxe5 16. gxh5 Nxf3+ 17. Qxf3 a6 18. Qe4 e6 19. Bf4 Qe7 20. Rad1 Rxd1 21. Rxd1 Qh4 22. Qf3 Qf6 23. Qg3 e5 24. Be3 Qf5 25. hxg6 hxg6 26. Bxc5 Rc8 27. b4 Qe4 28. Qd3 Qg4+ 29. Kf1 e4 30. Qd7 Qxd7 31. Rxd7 Bxc3 32. Rd5 Kg7 33. Nc2 Kf6 34. a3 a5 35. Nd4 axb4 36. axb4 Bxd4 37. Bxd4+ Ke6 38. Rxb5 Rc4 39. Bc5 Kd5 40. Rb7 Ke6 41. Rc7 f5 42. b5 f4 43. b6 f3 44. Ke1 Rc2 45. b7 Rb2 46. Ba7 Re2+ 47. Kd1 e3 48. Bxe3 Rb2 49. Rc6+ Kd7 50. Rb6 1-0